00486nam a2200169Ia 4500003000900000008004100009040001600050080001600066100002400082245005800106260004400164300001400208650004100222650001600263650002100279650001600300IN-BaIIA211028s9999 xx 000 0 eng d cIIA Library a551.58bHAN aHann, de Julius von 0aHandbuch der klimatologiebband Icde Julius von Hann aStuttgartbVerlag Von J Engelhornc1897 axii, 404. aAstronomy and Astrophysics Thesaurus aClimatology aEarth Atmosphere aMeteorology